Statistics for Title in the Lyrics -- Songs That Start With H

Click here to take the quiz!

General Stats

  • This quiz has been taken 431 times
    (420 since last reset)
  • The average score is 8 of 15

Answer Stats

Lyrics Title % Correct
(I said) / It's gettin' ___ __ _____ (so hot) / So take off all your clothesHot in Herre
85%
____, I need somebody / ____, not just anybody / ____, you know I need someone, ____Help
78%
___ ____, don't make it bad / Take a sad song and make it better / Remember to let her into your heart / Then you can start to make it betterHey Jude
75%
___ ____ ______, ain't that mister mister on the radio, stereo / The way you move ain't fair you knowHey Soul Sister
74%
Welcome to the _____ __________ / Such a lovely place (Such a lovely place) / Such a lovely faceHotel California
69%
Puttin’ my defenses up / ‘Cause I don’t wanna fall in love / If I ever did that / I think I’d have a _____ ______Heart Attack
68%
___ _____ _______ / What's it like in New York City? / I'm a thousand miles away / But girl tonight you look so prettyHey There Delilah
64%
They say in heaven love comes first / We'll make heaven a place on earth / Ooh, ______ __ _ _____ __ ____Heaven Is a Place on Earth
63%
You're a ____________, dream maker, love taker / Don't you mess around with me / You're a ____________, dream maker, love taker / Don't you mess around, no, no, noHeartbreaker
61%
Hey mumma / Look at me / I'm on the way to the promised land / I'm on the _______ __ ____ / _______ __ ____Highway to Hell
58%
Ahh, ____ / Let me come ____ / ____ is wherever I'm with youHome
58%
( __!) / ( ___!) / ( __!) / ( ___!) / (Ho!) I've been trying to do it right / (Hey!) I've been living a lonely life / (Ho!) I've been sleeping here instead / (Hey!) I've been sleeping in my bedHo Hey
38%
One day you're here, one day you're there, one day you care / You're so unfair sipping from your cup / Till it runneth over, ____ _____Holy Grail
18%
Cause you can shake it shake it shake it / Yeah you know what to do / You're a ___ ____ / I'm loving it, hell yesHot Mess
6%
I'm talkin' to you / ___ ____, wearing me out / ___ ____, you can scream and shout / ___ ____, are you still in school / I love you honeyHot Legs
3%

Score Distribution

Percentile by Number Answered

Percent of People with Each Score

Your Score History

You have not taken this quiz since the last reset